[Event "Summer Prague Open 2022 - A"]
[Site "Olympik hotel, Sokolovska 138, Praha"]
[Date "2022.08.07"]
[Round "4"]
[Board "9"]
[White "Aepfler, Christian"]
[Black "Weishaeutel, Moritz"]
[Result "0-1"]
[WhiteElo "2202"]
[BlackElo "2396"]
[PlyCount "0"]
[EventDate "2022.08.05"]
[EventRounds "9"]
[EventCountry "CZE"]

1. e4 {[%clk 1:30:57]} c5 {[%clk 1:30:56]} 2. c3 {[%clk 1:31:09]} d5
{[%clk 1:31:21]} 3. exd5 {[%clk 1:31:18]} Qxd5 {[%clk 1:31:45]} 4. d4
{[%clk 1:31:26]} g6 {[%clk 1:32:08]} 5. Nf3 {[%clk 1:30:43]} Bg7 {[%clk 1:32:31]}
6. Be2 {[%clk 1:29:48]} cxd4 {[%clk 1:32:46]} 7. cxd4 {[%clk 1:29:32]} Nf6
{[%clk 1:33:08]} 8. O-O {[%clk 1:29:10]} O-O {[%clk 1:33:18]} 9. Ne5
{[%clk 1:20:28]} Nfd7 {[%clk 1:23:18]} 10. Nc3 {[%clk 1:14:33]} Qd6
{[%clk 1:22:40]} 11. Bf4 {[%clk 0:54:10]} Nxe5 {[%clk 1:16:22]} 12. dxe5
{[%clk 0:54:31]} Qxd1 {[%clk 1:11:15]} 13. Rfxd1 {[%clk 0:54:04]} Nc6
{[%clk 1:11:37]} 14. Nd5 {[%clk 0:53:19]} Be6 {[%clk 1:05:02]} 15. Nc7
{[%clk 0:49:55]} Rac8 {[%clk 1:05:19]} 16. Nxe6 {[%clk 0:50:00]} fxe6
{[%clk 1:05:45]} 17. Bg3 {[%clk 0:50:12]} Nxe5 {[%clk 1:02:16]} 18. Rac1
{[%clk 0:49:30]} Rfd8 {[%clk 0:53:31]} 19. Rxd8+ {[%clk 0:49:51]} Rxd8
{[%clk 0:53:56]} 20. Rc2 {[%clk 0:46:07]} Nc6 {[%clk 0:48:11]} 21. Kf1
{[%clk 0:45:43]} Kf7 {[%clk 0:46:47]} 22. a3 {[%clk 0:37:12]} a5 {[%clk 0:40:24]}
23. b4 {[%clk 0:18:06]} axb4 {[%clk 0:38:59]} 24. axb4 {[%clk 0:18:27]} Nxb4
{[%clk 0:38:10]} 25. Rc7 {[%clk 0:18:38]} b6 {[%clk 0:37:36]} 26. Rb7
{[%clk 0:16:44]} Nd5 {[%clk 0:36:38]} 27. f4 {[%clk 0:12:04]} Ra8
{[%clk 0:29:40]} 28. Bf3 {[%clk 0:11:05]} Bd4 {[%clk 0:27:42]} 29. Ke2
{[%clk 0:11:20]} Bc5 {[%clk 0:23:35]} 30. Kd3 {[%clk 0:11:39]} Ra4
{[%clk 0:22:30]} 31. f5 {[%clk 0:10:52]} Rd4+ {[%clk 0:21:40]}  0-1

[Event "Summer Prague Open 2022 - A"]
[Site "Olympik hotel, Sokolovska 138, Praha"]
[Date "2022.08.07"]
[Round "4"]
[Board "11"]
[White "Hollan, Martin"]
[Black "Ehrlich, Roy"]
[Result "1/2-1/2"]
[WhiteElo "2381"]
[BlackElo "2183"]
[PlyCount "0"]
[EventDate "2022.08.05"]
[EventRounds "9"]
[EventCountry "CZE"]

1. e4 {[%clk 1:30:58]} e6 {[%clk 1:30:57]} 2. d4 {[%clk 1:31:21]} d5
{[%clk 1:31:23]} 3. Nc3 {[%clk 1:31:45]} Bb4 {[%clk 1:31:48]} 4. Nge2
{[%clk 1:32:09]} Nc6 {[%clk 1:32:13]} 5. a3 {[%clk 1:32:15]} Ba5 {[%clk 1:32:21]}
6. b4 {[%clk 1:25:35]} Bb6 {[%clk 1:32:47]} 7. Bb2 {[%clk 1:25:58]} Nge7
{[%clk 1:21:46]} 8. Qd3 {[%clk 1:21:53]} e5 {[%clk 1:14:39]} 9. Nxd5
{[%clk 1:20:29]} Nxd5 {[%clk 1:11:17]} 10. exd5 {[%clk 1:20:50]} Nxd4
{[%clk 1:11:38]} 11. Nxd4 {[%clk 1:20:05]} exd4 {[%clk 1:11:38]} 12. Qe4+
{[%clk 1:04:15]} Qe7 {[%clk 1:11:54]} 13. Qxe7+ {[%clk 1:04:38]} Kxe7
{[%clk 1:12:20]} 14. O-O-O {[%clk 1:04:59]} a5 {[%clk 0:58:39]} 15. b5
{[%clk 1:03:17]} Bc5 {[%clk 0:53:01]} 16. a4 {[%clk 1:02:36]} Kd6
{[%clk 0:42:25]} 17. Bxd4 {[%clk 1:01:22]} Bxd4 {[%clk 0:42:48]} 18. Rxd4
{[%clk 1:01:49]} Re8 {[%clk 0:42:46]} 19. Bd3 {[%clk 0:56:20]} Bd7
{[%clk 0:40:10]} 20. Kd2 {[%clk 0:39:41]} b6 {[%clk 0:39:47]} 21. Rf4
{[%clk 0:32:48]} Re7 {[%clk 0:39:49]} 22. h4 {[%clk 0:27:37]} h6 {[%clk 0:39:43]}
23. Be2 {[%clk 0:26:17]} f6 {[%clk 0:37:37]} 24. Bf3 {[%clk 0:24:45]} Rae8
{[%clk 0:36:48]} 25. Ra1 {[%clk 0:22:13]} Bc8 {[%clk 0:29:51]} 26. Ra3
{[%clk 0:18:25]} Re5 {[%clk 0:29:46]} 27. Rc3 {[%clk 0:18:14]} Bb7
{[%clk 0:29:39]} 28. Rfc4 {[%clk 0:18:35]} R8e7 {[%clk 0:28:59]} 29. Rc6+
{[%clk 0:12:32]} Bxc6 {[%clk 0:29:24]} 30. Rxc6+ {[%clk 0:12:59]} Kd7
{[%clk 0:29:52]} 31. d6 {[%clk 0:13:22]} R7e6 {[%clk 0:24:52]} 32. Rxc7+
{[%clk 0:13:38]} Kxd6 {[%clk 0:25:07]} 33. Rxg7 {[%clk 0:13:38]} Rc5
{[%clk 0:21:19]} 34. Kd3 {[%clk 0:07:39]} Rc7 {[%clk 0:14:13]} 35. Rg6
{[%clk 0:04:07]} f5 {[%clk 0:13:25]} 36. Rg8 {[%clk 0:04:32]} Re1
{[%clk 0:11:53]} 37. Rg6+ {[%clk 0:00:34]} Re6 {[%clk 0:11:36]} 38. Rg8
{[%clk 0:00:36]} Re1 {[%clk 0:12:03]} 39. Rg6+ {[%clk 0:01:03]} Re6  1/2-1/2

[Event "Summer Prague Open 2022 - A"]
[Site "Olympik hotel, Sokolovska 138, Praha"]
[Date "2022.08.07"]
[Round "4"]
[Board "20"]
[White "Carnot, Luca"]
[Black "Slampa, Jan"]
[Result "0-1"]
[WhiteElo "2035"]
[BlackElo "2250"]
[PlyCount "0"]
[EventDate "2022.08.05"]
[EventRounds "9"]
[EventCountry "CZE"]

1. Nf3 {[%clk 1:30:55]} c5 {[%clk 1:25:29]} 2. g3 {[%clk 1:31:23]} Nc6
{[%clk 1:25:54]} 3. Bg2 {[%clk 1:30:58]} Nf6 {[%clk 1:26:16]} 4. O-O
{[%clk 1:30:16]} e5 {[%clk 1:26:33]} 5. d3 {[%clk 1:26:30]} d5 {[%clk 1:25:11]}
6. c4 {[%clk 1:26:24]} d4 {[%clk 1:22:53]} 7. e3 {[%clk 1:18:06]} Be7
{[%clk 1:19:45]} 8. exd4 {[%clk 1:16:58]} exd4 {[%clk 1:19:54]} 9. Bf4
{[%clk 1:09:40]} O-O {[%clk 1:19:19]} 10. Ne5 {[%clk 1:09:11]} Nxe5
{[%clk 1:13:35]} 11. Bxe5 {[%clk 1:09:38]} Ng4 {[%clk 1:13:35]} 12. Bf4
{[%clk 1:08:33]} g5 {[%clk 1:12:51]} 13. Bc1 {[%clk 0:54:45]} Qb6
{[%clk 1:08:20]} 14. Re1 {[%clk 0:52:08]} Qf6 {[%clk 1:06:29]} 15. Qe2
{[%clk 0:49:45]} Bd6 {[%clk 1:01:51]} 16. Nd2 {[%clk 0:48:03]} Qg6
{[%clk 0:44:14]} 17. Ne4 {[%clk 0:46:43]} Be7 {[%clk 0:43:48]} 18. Qd2
{[%clk 0:35:40]} h6 {[%clk 0:31:45]} 19. h3 {[%clk 0:34:14]} Ne5 {[%clk 0:27:53]}
20. Nxc5 {[%clk 0:29:33]} Bd6 {[%clk 0:23:17]} 21. Qd1 {[%clk 0:20:16]} Bf5
{[%clk 0:17:36]} 22. g4 {[%clk 0:08:02]} Bxd3 {[%clk 0:14:12]} 23. Rxe5
{[%clk 0:07:26]} Bc2 {[%clk 0:14:23]} 24. Qe1 {[%clk 0:03:08]} Bxe5
{[%clk 0:14:52]} 25. Qxe5 {[%clk 0:03:37]} Rfe8 {[%clk 0:15:21]} 26. Qxd4
{[%clk 0:03:34]} Rad8 {[%clk 0:15:04]} 27. Nd7 {[%clk 0:04:04]} Re1+
{[%clk 0:14:41]} 28. Kh2 {[%clk 0:03:56]} Rd1 {[%clk 0:13:58]} 29. Bd2
{[%clk 0:03:55]} Rxd7 {[%clk 0:07:54]} 30. Qxd7 {[%clk 0:03:51]} Rxa1
{[%clk 0:08:15]} 31. Qd8+ {[%clk 0:03:22]} Kh7 {[%clk 0:08:18]} 32. Bc3
{[%clk 0:03:07]} Qg8 {[%clk 0:07:31]} 33. Qd2 {[%clk 0:02:38]} Qb8+
{[%clk 0:07:18]} 34. f4 {[%clk 0:02:09]} Qxf4+ {[%clk 0:07:35]} 35. Qxf4
{[%clk 0:02:33]} gxf4 {[%clk 0:08:03]} 36. Bxb7 {[%clk 0:02:10]} Rxa2
{[%clk 0:03:53]} 37. Kg2 {[%clk 0:00:57]} Ra4 {[%clk 0:03:44]} 38. Kf3
{[%clk 0:00:35]} Rxc4 {[%clk 0:03:36]} 39. Bd5 {[%clk 0:01:03]} Rc7
{[%clk 0:03:25]} 40. Kxf4 {[%clk 0:00:52]} a5 {[%clk 0:03:23]} 41. Ke5
{[%clk 0:27:15]} a4 {[%clk 0:18:39]} 42. Bb4 {[%clk 0:21:17]} Kg6
{[%clk 0:18:12]} 43. Kd6 {[%clk 0:15:32]} Ra7 {[%clk 0:17:47]} 44. Bc5
{[%clk 0:14:35]} Ra6+ {[%clk 0:16:37]} 45. Ke5 {[%clk 0:10:22]} f6+
{[%clk 0:14:32]} 46. Kd4 {[%clk 0:10:31]} Kg5 {[%clk 0:14:46]} 47. Kc3
{[%clk 0:08:07]} Bd1 {[%clk 0:12:34]} 48. Be3+ {[%clk 0:04:55]} Kh4
{[%clk 0:12:35]} 49. Bxh6 {[%clk 0:04:33]} Kxh3 {[%clk 0:12:54]} 50. g5
{[%clk 0:04:51]} f5 {[%clk 0:12:05]} 51. Bf7 {[%clk 0:02:44]} Kh4
{[%clk 0:09:24]} 52. Kd4 {[%clk 0:02:18]} Bh5 {[%clk 0:09:32]} 53. Bd5
{[%clk 0:02:25]} Bg6 {[%clk 0:09:33]} 54. Bc4 {[%clk 0:00:38]} Rb6
{[%clk 0:09:33]} 55. Kc3 {[%clk 0:00:34]} f4 {[%clk 0:09:45]} 56. Be2
{[%clk 0:00:37]} f3 {[%clk 0:10:02]} 57. Bf1 {[%clk 0:00:31]} Rd6
{[%clk 0:09:31]} 58. Bb5 {[%clk 0:00:32]} f2 {[%clk 0:09:48]} 59. Bf8
{[%clk 0:00:59]} Rd1 {[%clk 0:09:46]} 60. Kb4 {[%clk 0:00:47]} f1=Q
{[%clk 0:09:57]} 61. Bxf1 {[%clk 0:01:14]} Rxf1 {[%clk 0:10:15]} 62. Be7
{[%clk 0:01:03]} Rf4+ {[%clk 0:10:29]} 63. Kc3 {[%clk 0:00:36]} Kg4
{[%clk 0:10:50]} 64. b3 {[%clk 0:00:33]} Rf3+ {[%clk 0:11:05]}  0-1

[Event "Summer Prague Open 2022 - A"]
[Site "Olympik hotel, Sokolovska 138, Praha"]
[Date "2022.08.07"]
[Round "4"]
[Board "23"]
[White "Lhotska, Anna"]
[Black "Pap, Gyula"]
[Result "1/2-1/2"]
[WhiteElo "2081"]
[BlackElo "2481"]
[PlyCount "0"]
[EventDate "2022.08.05"]
[EventRounds "9"]
[EventCountry "CZE"]

1. e4 {[%clk 1:30:56]} c6 {[%clk 1:28:57]} 2. d4 {[%clk 1:31:10]} d5
{[%clk 1:29:19]} 3. exd5 {[%clk 1:31:16]} cxd5 {[%clk 1:29:41]} 4. Bd3
{[%clk 1:31:38]} Nc6 {[%clk 1:29:33]} 5. c3 {[%clk 1:32:01]} Nf6 {[%clk 1:29:51]}
6. h3 {[%clk 1:32:08]} g6 {[%clk 1:26:18]} 7. Nf3 {[%clk 1:31:48]} Bf5
{[%clk 1:26:11]} 8. O-O {[%clk 1:30:52]} Bg7 {[%clk 1:26:32]} 9. Re1
{[%clk 1:29:48]} O-O {[%clk 1:22:08]} 10. Bf4 {[%clk 1:28:02]} Qb6
{[%clk 1:19:59]} 11. Re2 {[%clk 1:20:35]} Ne4 {[%clk 1:17:17]} 12. Nh4
{[%clk 1:08:34]} Bd7 {[%clk 0:45:39]} 13. Nd2 {[%clk 0:58:01]} f5
{[%clk 0:38:55]} 14. Nhf3 {[%clk 0:53:09]} e6 {[%clk 0:38:05]} 15. Nb3
{[%clk 0:51:35]} Rae8 {[%clk 0:36:16]}  1/2-1/2

[Event "Summer Prague Open 2022 - A"]
[Site "Olympik hotel, Sokolovska 138, Praha"]
[Date "2022.08.07"]
[Round "4"]
[Board "24"]
[White "Kaspi, Alexander"]
[Black "Kowalec, Maciej"]
[Result "1-0"]
[WhiteElo "2412"]
[BlackElo "2104"]
[PlyCount "0"]
[EventDate "2022.08.05"]
[EventRounds "9"]
[EventCountry "CZE"]

1. d4 {[%clk 1:30:44]} d5 {[%clk 1:30:53]} 2. c4 {[%clk 1:31:07]} e6
{[%clk 1:30:49]} 3. Nc3 {[%clk 1:31:29]} Nf6 {[%clk 1:31:12]} 4. cxd5
{[%clk 1:31:47]} exd5 {[%clk 1:31:33]} 5. Bg5 {[%clk 1:32:11]} Be7
{[%clk 1:31:22]} 6. e3 {[%clk 1:32:33]} c6 {[%clk 1:31:15]} 7. Bd3
{[%clk 1:32:55]} O-O {[%clk 1:30:11]} 8. Qc2 {[%clk 1:33:18]} Nbd7
{[%clk 1:28:45]} 9. Nf3 {[%clk 1:33:39]} Re8 {[%clk 1:28:19]} 10. O-O
{[%clk 1:33:59]} h6 {[%clk 1:23:50]} 11. Bh4 {[%clk 1:33:21]} Ne4
{[%clk 1:19:33]} 12. Bxe4 {[%clk 1:32:41]} Bxh4 {[%clk 1:19:22]} 13. Bh7+
{[%clk 1:33:02]} Kh8 {[%clk 1:18:51]} 14. Nxh4 {[%clk 1:24:59]} Qxh4
{[%clk 1:18:59]} 15. Bd3 {[%clk 1:23:22]} Nf6 {[%clk 1:15:36]} 16. b4
{[%clk 1:16:54]} Ng4 {[%clk 1:04:24]} 17. h3 {[%clk 1:17:07]} Nf6
{[%clk 1:04:46]} 18. Bf5 {[%clk 1:07:56]} Ne4 {[%clk 0:58:19]} 19. Bxe4
{[%clk 1:07:56]} dxe4 {[%clk 0:58:36]} 20. f4 {[%clk 1:08:09]} Bxh3
{[%clk 0:48:00]} 21. gxh3 {[%clk 0:55:51]} Qg3+ {[%clk 0:48:21]} 22. Kh1
{[%clk 0:56:16]} Qxh3+ {[%clk 0:48:46]} 23. Qh2 {[%clk 0:56:31]} Qxe3
{[%clk 0:49:08]} 24. Ne2 {[%clk 0:56:54]} a5 {[%clk 0:47:43]} 25. b5
{[%clk 0:55:32]} cxb5 {[%clk 0:44:55]} 26. Rab1 {[%clk 0:53:49]} b4
{[%clk 0:43:10]} 27. Rb3 {[%clk 0:53:43]} Qd2 {[%clk 0:43:17]} 28. Rg3
{[%clk 0:54:07]} Ra6 {[%clk 0:39:26]} 29. f5 {[%clk 0:53:32]} Rf6
{[%clk 0:31:46]} 30. Qg2 {[%clk 0:49:07]} Rg8 {[%clk 0:28:52]} 31. Qxe4
{[%clk 0:49:17]} Rc6 {[%clk 0:22:49]} 32. Rfg1 {[%clk 0:44:43]} Qxa2
{[%clk 0:18:24]} 33. Nf4 {[%clk 0:33:37]} Rc3 {[%clk 0:10:52]} 34. R3g2
{[%clk 0:33:20]} Qb3 {[%clk 0:09:40]} 35. f6 {[%clk 0:27:59]} g6 {[%clk 0:05:48]}
36. Rh2 {[%clk 0:27:56]} h5 {[%clk 0:05:29]} 37. Qf5 {[%clk 0:12:28]}  1-0

[Event "Summer Prague Open 2022 - A"]
[Site "Olympik hotel, Sokolovska 138, Praha"]
[Date "2022.08.08"]
[Round "5"]
[Board "2"]
[White "Brejnik, Gustav"]
[Black "Zanan, Evgeny"]
[Result "1-0"]
[WhiteElo "2300"]
[BlackElo "2510"]
[PlyCount "0"]
[EventDate "2022.08.05"]
[EventRounds "9"]
[EventCountry "CZE"]

1. d4 {[%clk 1:30:58]} Nf6 {[%clk 1:22:07]} 2. c4 {[%clk 1:31:22]} e6
{[%clk 1:22:33]} 3. Nf3 {[%clk 1:31:43]} d5 {[%clk 1:22:58]} 4. g3
{[%clk 1:32:07]} dxc4 {[%clk 1:23:23]} 5. Bg2 {[%clk 1:32:27]} Bb4+
{[%clk 1:23:42]} 6. Bd2 {[%clk 1:30:19]} a5 {[%clk 1:20:21]} 7. a3
{[%clk 1:29:53]} Bxd2+ {[%clk 1:18:09]} 8. Nbxd2 {[%clk 1:28:24]} b5
{[%clk 1:14:13]} 9. b3 {[%clk 1:28:38]} cxb3 {[%clk 1:14:35]} 10. Qxb3
{[%clk 1:28:57]} c6 {[%clk 1:15:00]} 11. O-O {[%clk 1:29:18]} O-O
{[%clk 1:15:26]} 12. Rfc1 {[%clk 1:29:06]} Bb7 {[%clk 1:14:55]} 13. Qb2
{[%clk 1:29:07]} Qe7 {[%clk 1:09:53]} 14. Ne5 {[%clk 1:20:55]} Nd5
{[%clk 0:51:38]} 15. Ne4 {[%clk 0:58:58]} f6 {[%clk 0:49:48]} 16. Nd3
{[%clk 0:58:01]} Nd7 {[%clk 0:50:04]} 17. Nec5 {[%clk 0:57:10]} Nxc5 18. Nxc5
{[%clk 0:54:47]} Rad8 {[%clk 0:24:28]} 19. e4 {[%clk 0:26:08]} Nb6
{[%clk 0:24:22]} 20. a4 {[%clk 0:26:27]} b4 {[%clk 0:16:47]} 21. Bh3
{[%clk 0:23:43]} Bc8 {[%clk 0:14:12]} 22. Nb3 {[%clk 0:20:35]} e5
{[%clk 0:08:03]} 23. Bxc8 {[%clk 0:19:50]} Rxc8 {[%clk 0:08:27]} 24. Nxa5
{[%clk 0:13:28]} Qd6 {[%clk 0:03:25]} 25. Nc4 {[%clk 0:11:59]} Nxc4
{[%clk 0:03:51]} 26. Rxc4 {[%clk 0:12:25]} Rb8 {[%clk 0:04:16]} 27. Rac1
{[%clk 0:10:49]} exd4 {[%clk 0:04:27]} 28. Rxd4 {[%clk 0:10:26]} Qe5
{[%clk 0:03:13]} 29. Qb3+ {[%clk 0:10:30]} Kh8 {[%clk 0:03:15]} 30. Rxb4
{[%clk 0:10:55]} f5 {[%clk 0:03:40]} 31. exf5 {[%clk 0:10:13]} Rxb4
{[%clk 0:01:45]} 32. Qxb4 {[%clk 0:10:42]} Rb8 {[%clk 0:02:09]} 33. Qc5
{[%clk 0:03:00]} Qe4 {[%clk 0:01:55]} 34. Qd6 {[%clk 0:02:14]} Rc8
{[%clk 0:02:06]} 35. f6 {[%clk 0:02:06]} gxf6 {[%clk 0:01:49]} 36. Qxf6+
{[%clk 0:02:31]} Kg8 {[%clk 0:02:16]} 37. Rc5 {[%clk 0:02:12]}  1-0

[Event "Summer Prague Open 2022 - A"]
[Site "Olympik hotel, Sokolovska 138, Praha"]
[Date "2022.08.08"]
[Round "5"]
[Board "9"]
[White "Lalic, Bogdan"]
[Black "Svatos, Jan"]
[Result "1-0"]
[WhiteElo "2415"]
[BlackElo "2185"]
[PlyCount "0"]
[EventDate "2022.08.05"]
[EventRounds "9"]
[EventCountry "CZE"]

1. c4 {[%clk 1:24:17]} Nf6 {[%clk 1:30:52]} 2. Nc3 {[%clk 1:24:35]} e6
{[%clk 1:31:17]} 3. Nf3 {[%clk 1:24:52]} b6 {[%clk 1:29:28]} 4. g3
{[%clk 1:25:12]} Bb7 {[%clk 1:29:54]} 5. Bg2 {[%clk 1:25:35]} Bb4
{[%clk 1:29:46]} 6. Qb3 {[%clk 1:24:48]} a5 {[%clk 1:29:02]} 7. O-O
{[%clk 1:24:47]} O-O {[%clk 1:28:46]} 8. d4 {[%clk 1:24:18]} Bxc3
{[%clk 0:55:30]} 9. Qxc3 {[%clk 1:24:40]} d6 {[%clk 0:55:32]} 10. b3
{[%clk 1:24:38]} Nbd7 {[%clk 0:55:13]} 11. Bb2 {[%clk 1:24:57]} Ne4
{[%clk 0:54:12]} 12. Qc2 {[%clk 1:24:52]} f5 {[%clk 0:42:03]} 13. Rad1
{[%clk 1:22:46]} Qe7 {[%clk 0:40:58]} 14. d5 {[%clk 1:21:23]} e5 {[%clk 0:40:23]}
15. Nh4 {[%clk 1:21:23]} Ndc5 {[%clk 0:32:51]} 16. Nxf5 {[%clk 1:20:46]} Rxf5
{[%clk 0:33:04]} 17. Bxe4 {[%clk 1:21:15]} Nxe4 {[%clk 0:33:28]} 18. Qxe4
{[%clk 1:21:39]} Qf7 {[%clk 0:30:09]} 19. f4 {[%clk 1:17:42]} Rf8
{[%clk 0:20:18]} 20. e3 {[%clk 1:18:06]} Qg6 {[%clk 0:19:51]} 21. Qg2
{[%clk 1:18:09]} exf4 {[%clk 0:18:13]} 22. gxf4 {[%clk 1:13:47]} Qxg2+
{[%clk 0:05:26]} 23. Kxg2 {[%clk 1:14:16]} g5 {[%clk 0:05:30]} 24. Bc1
{[%clk 1:13:24]} gxf4 {[%clk 0:05:46]} 25. exf4 {[%clk 1:13:33]} a4
{[%clk 0:02:38]} 26. Rf3 {[%clk 1:12:08]} b5 {[%clk 0:02:19]} 27. Re1
{[%clk 1:10:21]} bxc4 {[%clk 0:01:37]} 28. bxc4 {[%clk 1:10:45]} c6
{[%clk 0:01:25]} 29. Rg3+ {[%clk 0:58:02]} Kf7 {[%clk 0:01:54]} 30. Bb2
{[%clk 0:58:22]} Rg8 {[%clk 0:02:04]} 31. Rxg8 {[%clk 0:58:39]} Kxg8
{[%clk 0:02:34]} 32. dxc6 {[%clk 0:59:00]} Bxc6+ {[%clk 0:03:01]} 33. Kg3
{[%clk 0:59:21]} Kf7 {[%clk 0:00:39]} 34. Bd4 {[%clk 0:59:09]} Bd7
{[%clk 0:00:43]} 35. Rb1 {[%clk 0:58:02]} Rh5 {[%clk 0:00:46]} 36. Rb7
{[%clk 0:57:28]} Ke8 {[%clk 0:01:15]} 37. h4 {[%clk 0:57:45]} Rh6
{[%clk 0:01:10]} 38. Ra7 {[%clk 0:54:57]} Rg6+ {[%clk 0:01:31]} 39. Kf3
{[%clk 0:53:50]} Bc6+ {[%clk 0:01:43]} 40. Ke2 {[%clk 0:54:03]} Rg4
{[%clk 0:00:39]} 41. Rxh7 {[%clk 0:52:53]} Rxf4 {[%clk 0:29:44]} 42. Rh8+
{[%clk 1:17:01]} Ke7 {[%clk 0:22:10]} 43. Kd3 {[%clk 1:17:17]} Be8
{[%clk 0:21:42]} 44. h5 {[%clk 1:13:02]} Rf3+ {[%clk 0:15:32]} 45. Be3
{[%clk 1:10:36]} Rh3 {[%clk 0:15:53]} 46. h6 {[%clk 1:10:49]} Bg6+
{[%clk 0:06:54]} 47. Ke2 {[%clk 1:10:30]} Bh5+ {[%clk 0:05:05]} 48. Kd2
{[%clk 0:50:38]} Rh2+ {[%clk 0:05:23]} 49. Kc3 {[%clk 0:50:58]} Rh3
{[%clk 0:05:42]} 50. Kb4 {[%clk 0:46:12]} Be8 {[%clk 0:00:36]} 51. Bg5+
{[%clk 0:39:20]} Kf7 {[%clk 0:01:01]} 52. h7 {[%clk 0:17:02]} Rh1
{[%clk 0:01:05]} 53. a3 {[%clk 0:15:12]} Rh3 {[%clk 0:01:33]} 54. Ka5
{[%clk 0:14:47]} Rh5 {[%clk 0:01:32]} 55. Kb6 {[%clk 0:15:08]} Rh3
{[%clk 0:00:48]} 56. Kc7 {[%clk 0:15:21]}  1-0

[Event "Summer Prague Open 2022 - A"]
[Site "Olympik hotel, Sokolovska 138, Praha"]
[Date "2022.08.08"]
[Round "5"]
[Board "10"]
[White "Fleish, Felix"]
[Black "Schmaltz, Roland"]
[Result "0-1"]
[WhiteElo "2230"]
[BlackElo "2470"]
[PlyCount "0"]
[EventDate "2022.08.05"]
[EventRounds "9"]
[EventCountry "CZE"]

1. e4 {[%clk 1:29:07]} c5 {[%clk 1:30:45]} 2. Nc3 {[%clk 1:26:51]} e6
{[%clk 1:30:50]} 3. g3 {[%clk 1:26:15]} Nc6 {[%clk 1:31:11]} 4. Bg2
{[%clk 1:26:41]} g6 {[%clk 1:31:14]} 5. d3 {[%clk 1:26:24]} Bg7 {[%clk 1:31:35]}
6. Be3 {[%clk 1:26:14]} d6 {[%clk 1:31:55]} 7. Qd2 {[%clk 1:26:27]} Rb8
{[%clk 1:31:00]} 8. Nge2 {[%clk 1:24:48]} Nd4 {[%clk 1:31:10]} 9. Bxd4
{[%clk 1:17:06]} cxd4 {[%clk 1:31:26]} 10. Nb5 {[%clk 1:17:26]} Qb6
{[%clk 1:31:22]} 11. Qb4 {[%clk 1:14:00]} Ke7 {[%clk 1:27:57]} 12. c3
{[%clk 1:12:39]} dxc3 {[%clk 1:25:48]} 13. bxc3 {[%clk 1:12:48]} a6
{[%clk 1:24:34]} 14. Nbd4 {[%clk 1:13:06]} Qxb4 {[%clk 1:24:47]} 15. cxb4
{[%clk 1:13:35]} Bd7 {[%clk 1:24:26]} 16. Rc1 {[%clk 1:02:40]} Kd8
{[%clk 1:23:07]} 17. Nb3 {[%clk 0:58:13]} Ne7 {[%clk 1:22:22]} 18. d4
{[%clk 0:49:41]} b6 {[%clk 1:13:49]} 19. d5 {[%clk 0:35:54]} exd5
{[%clk 1:13:33]} 20. exd5 {[%clk 0:36:23]} Nf5 {[%clk 1:13:49]} 21. O-O
{[%clk 0:35:56]} Re8 {[%clk 1:13:51]} 22. Nc3 {[%clk 0:33:02]} Rc8
{[%clk 1:12:05]} 23. Ne4 {[%clk 0:33:06]} Bb5 {[%clk 1:08:49]} 24. Rxc8+
{[%clk 0:31:46]} Kxc8 {[%clk 1:09:14]} 25. g4 {[%clk 0:26:36]} Bxf1
{[%clk 1:08:40]} 26. Kxf1 {[%clk 0:27:00]} Rxe4 {[%clk 1:08:41]} 27. Bxe4
{[%clk 0:27:27]} Nh6 {[%clk 1:08:30]} 28. g5 {[%clk 0:21:57]} Ng4
{[%clk 1:08:48]} 29. h3 {[%clk 0:22:01]} Ne5 {[%clk 1:09:01]} 30. Nd4
{[%clk 0:20:05]} b5 {[%clk 1:09:05]} 31. Nc6 {[%clk 0:20:05]} Nc4
{[%clk 1:07:26]} 32. Ke2 {[%clk 0:20:19]} Bb2 {[%clk 1:06:47]} 33. Bc2
{[%clk 0:16:44]} Bc1 {[%clk 1:06:10]} 34. h4 {[%clk 0:17:30]} Nb6
{[%clk 1:06:15]} 35. Bb3 {[%clk 0:17:32]} Bb2 {[%clk 1:04:08]} 36. f4
{[%clk 0:17:59]} Bc1 {[%clk 1:02:58]} 37. Kf3 {[%clk 0:18:19]} Kc7
{[%clk 1:02:40]} 38. Kg4 {[%clk 0:00:50]} Nc4 39. Bxc4 {[%clk 0:01:14]} bxc4
{[%clk 1:03:01]} 40. Nd4 {[%clk 0:01:29]} Bd2 {[%clk 1:02:34]} 41. a3 Kb6
{[%clk 1:02:36]} 42. f5 {[%clk 0:01:49]} a5 {[%clk 1:01:44]} 43. fxg6
{[%clk 0:02:06]} hxg6 {[%clk 1:01:57]} 44. bxa5+ {[%clk 0:02:20]} Bxa5
{[%clk 1:01:26]} 45. Kf3 {[%clk 0:02:30]} Be1 {[%clk 1:00:48]} 46. Ke4
{[%clk 0:02:42]} Bxh4 {[%clk 1:00:47]} 47. Nf3 {[%clk 0:03:05]} Bf2
{[%clk 1:00:40]} 48. Nd2 {[%clk 0:01:00]} Kc5 {[%clk 1:00:37]} 49. a4
{[%clk 0:01:00]} Be1 {[%clk 1:00:46]} 50. Nf3 {[%clk 0:00:50]} Bc3
{[%clk 1:00:42]} 51. Ng1 {[%clk 0:01:04]} Kb4 {[%clk 1:00:49]} 52. Ne2
{[%clk 0:01:09]} Be5 {[%clk 1:00:54]} 53. Nd4 {[%clk 0:00:55]} Bxd4
{[%clk 1:00:46]} 54. Kxd4 {[%clk 0:01:19]} c3 {[%clk 1:01:07]} 55. Kd3
{[%clk 0:01:18]} Kb3 {[%clk 1:01:22]}  0-1